|
|
|
|
| LEADER |
02815nam a22004093i 4500 |
| 001 |
EBC7244806 |
| 003 |
MiAaPQ |
| 005 |
20231204023228.0 |
| 006 |
m o d | |
| 007 |
cr cnu|||||||| |
| 008 |
231204s2023 xx o ||||0 eng d |
| 020 |
|
|
|a 9781000878158
|q (electronic bk.)
|
| 020 |
|
|
|z 9781032280073
|
| 035 |
|
|
|a (MiAaPQ)EBC7244806
|
| 035 |
|
|
|a (Au-PeEL)EBL7244806
|
| 035 |
|
|
|a (OCoLC)1377282921
|
| 040 |
|
|
|a MiAaPQ
|b eng
|e rda
|e pn
|c MiAaPQ
|d MiAaPQ
|
| 082 |
0 |
|
|a 362.1962414400968
|
| 100 |
1 |
|
|a Fourie, Pieter.
|
| 245 |
1 |
4 |
|a The South African Response to COVID-19 :
|b The Early Years.
|
| 250 |
|
|
|a 1st ed.
|
| 264 |
|
1 |
|a Milton :
|b Taylor & Francis Group,
|c 2023.
|
| 264 |
|
4 |
|c ©2023.
|
| 300 |
|
|
|a 1 online resource (277 pages)
|
| 336 |
|
|
|a text
|b txt
|2 rdacontent
|
| 337 |
|
|
|a computer
|b c
|2 rdamedia
|
| 338 |
|
|
|a online resource
|b cr
|2 rdacarrier
|
| 490 |
1 |
|
|a Routledge Studies in Health in Africa Series
|
| 505 |
0 |
|
|a Cover -- Half Title -- Series Page -- Title Page -- Copyright Page -- Table of Contents -- List of Figures -- List of Tables -- List of Contributors -- 1 The Emancipatory Catastrophe we Need? -- 2 COVID-19 in South Africa: History, Impact, and Government Response - An Overview -- 3 The Rough and the Smooth: South Africa's Uneven Response to COVID-19 -- 4 Placing the South African COVID-19 Epidemic in a Global Context -- 5 Slow Crises: South Africa's Governmental Responses to COVID-19 in times of 'Crisis within Crisis' -- 6 Mobilising the Public Sector to Combat COVID-19, and the Pandemic's Effect on Public Sector Governance -- 7 COVID-19 Vaccines: Triumphs and Tragedies -- 8 Police Legitimacy and the SAPS's Policing of the COVID-19 Pandemic -- 9 The Role of Temporary Social Grants in Mitigating the Poverty Impact of COVID-19 in South Africa -- 10 COVID-19 and Mental Health Well-being in South Africa: Impact, Responses, and Recommendations -- 11 New Foundations: Strengthening early Childhood care and Education Provisioning in South Africa after COVID-19 -- 12 Tracking the Pulse of the People: Support for Democracy and the South African Government's Response to COVID-19 -- Index.
|
| 588 |
|
|
|a Description based on publisher supplied metadata and other sources.
|
| 590 |
|
|
|a Electronic reproduction. Ann Arbor, Michigan : ProQuest Ebook Central, 2023. Available via World Wide Web. Access may be limited to ProQuest Ebook Central affiliated libraries.
|
| 655 |
|
4 |
|a Electronic books.
|
| 700 |
1 |
|
|a Lamb, Guy.
|
| 776 |
0 |
8 |
|i Print version:
|a Fourie, Pieter
|t The South African Response to COVID-19
|d Milton : Taylor & Francis Group,c2023
|z 9781032280073
|
| 797 |
2 |
|
|a ProQuest (Firm)
|
| 830 |
|
0 |
|a Routledge Studies in Health in Africa Series
|
| 856 |
4 |
0 |
|u https://ebookcentral.proquest.com/lib/matrademy/detail.action?docID=7244806
|z Click to View
|